Statistiken für Hauptstädte Afrikas

Klicken Sie hier um das Quiz zu spielen!

Allgemein

  • Dieses Quiz wurde 4,754 mal gespielt
    (1,839 seit der letzten Aktualisierung)
  • Das Durchschnittsergebnis liegt bei 32 aus 57

Antwortstatistiken

Land Hauptstadt % Korrekt
ÄgyptenKairo
99%
AlgerienAlgier
92%
TunesienTunis
89%
KeniaNairobi
81%
ÄthiopienAddis Abeba
81%
MarokkoRabat
80%
SüdafrikaPretoria
79%
SüdafrikaKapstadt
77%
AngolaLuanda
74%
LibyenTripolis
74%
DschibutiDschibuti
74%
Demokratische Republik KongoKinshasa
73%
GhanaAccra
69%
NamibiaWindhoek
68%
Sierra LeoneFreetown
68%
SenegalDakar
68%
SomaliaMogadischu
67%
MadagaskarAntananarivo
65%
Guinea-BissauBissau
63%
SudanKhartum
61%
Republik KongoBrazzaville
61%
São Tomé und PríncipeSão Tomé
59%
Burkina FasoOuagadougou
58%
KamerunJaunde
56%
NigeriaAbuja
55%
LiberiaMonrovia
54%
GabunLibreville
54%
RuandaKigali
53%
SimbabweHarare
53%
TogoLomé
52%
UgandaKampala
52%
SeychellenVictoria
50%
MaliBamako
50%
SüdsudanJuba
49%
SambiaLusaka
49%
EritreaAsmara
49%
NigerNiamey
48%
BotswanaGaborone
48%
MosambikMaputo
47%
BeninPorto-Novo
47%
TansaniaDodoma
47%
TschadN'Djamena
45%
ElfenbeinküsteYamoussoukro
45%
GuineaConakry
45%
GambiaBanjul
45%
SwasilandMbabane
43%
MauretanienNouakchott
43%
Kap VerdePraia
43%
MauritiusPort Louis
43%
MalawiLilongwe
42%
Zentralafrikanische RepublikBangui
42%
SüdafrikaBloemfontein
39%
KomorenMoroni
39%
LesothoMaseru
39%
Äquatorial-GuineaMalabo
38%
BurundiGitega
34%
BeninCotonou
17%

Verteilung der Resultate

Perzentil nach korrekt beantworteten Fragen

Anzahl Personen mit jedem Resultat

Ihre Resultats-Entwicklung

Sie haben dieses Quiz seit der letzten Aktualisierung nicht gespielt